INSTRUMENTAL METHODS OF ANALYSIS (Record no. 6097)

MARC details
000 -LEADER
fixed length control field 00478nam a22001697a 4500
005 - DATE AND TIME OF LATEST TRANSACTION
control field 20240110120850.0
008 - FIXED-LENGTH DATA ELEMENTS--GENERAL INFORMATION
fixed length control field 200314b xxu||||| |||| 00| 0 eng d
020 ## - INTERNATIONAL STANDARD BOOK NUMBER
ISBN 9788123909431
041 ## - LANGUAGE CODE
Language code of text/sound track or separate title eng
100 ## - MAIN ENTRY--AUTHOR NAME
Personal name WILLARD, HOBART H. , MERRITT,Jr LYNNE , DEAN ,JOHN A , SETTLE ,Jr FRANK A
245 ## - TITLE STATEMENT
Title INSTRUMENTAL METHODS OF ANALYSIS
250 ## - EDITION STATEMENT
Edition statement 7TH, ED. 2019
260 ## - PUBLICATION, DISTRIBUTION, ETC. (IMPRINT)
Name of publisher CBS PUBLISHER DISTRIBUTERS
Year of publication 2019
300 ## - PHYSICAL DESCRIPTION
Number of Pages 895,XXI;
650 ## - SUBJECT ADDED ENTRY--TOPICAL TERM
Topical Term PHARMACY
942 ## - ADDED ENTRY ELEMENTS (KOHA)
Koha item type Books
Holdings
Lost status Damaged status Collection code Home library Current library Shelving location Date acquired Source of acquisition Cost, normal purchase price Accession Number Koha item type Full call number
    Reference JRU Library JRU Library SHELF-4-E 14/03/2020 PURCHESS 525.00 23819 Books  
    PHARMACY JRU Library JRU Library Shelf - 21- G 14/03/2020 PURCHESS 525.00 23820 Books  
    PHARMACY JRU Library JRU Library Shelf - 21- G 17/03/2021 PURCHES 650.00 25783 Books 543.19
    PHARMACY JRU Library JRU Library Shelf - 21- G 17/03/2021 PURCHES 650.00 25784 Books 543.19